00448nam a22001577a 4500003000400000082001800004100001000022245003800032260004400070300000800114650001700122653001700139942001200156952010500168999001700273SGT a617.643bE21K aKirti aEvolution of Orthodontics brackts aGurugram, HaryanabSGT Universityc2021 a185 aOrthodontics aOrthodontics 2ddccTH 00102ddc405171aFDbFDd2022-12-22l0o617.643 E21KpDT1398r2022-12-22 00:00:00w2022-12-22yTH c23619d23619